Öffnung der öffentlich-rechtlichen Methode durch Internationalität und Interdisziplinarität. Dritte Gewalt im Wandel. Gestaltung des demographischen Wandels als Verwaltungsaufgabe. Sicherung grund- und menschenrechtlicher Standards ... : Referate und Diskussionen auf der Tagung der Vereinigung der Deutschen Staatsrechtslehrer in Düsseldorf vom 1. bis 4. Oktober 2014 /

This volume contains presentations and discussions from the Conference of the Association of German Constitutional Lawyers, which was held in Düsseldorf from 1 to 4 October 2014.

Bibliographic Details
Main Authors: Arnauld, Andreas (Author), Röhl, Hans Christian (Author), Wittreck, Fabian (Author)
Corporate Author: Walter de Gruyter & Co
Format: eBook
Language:German
Language Notes:In German.
Published: Berlin/Boston : De Gruyter, [2015]
Series:Veröffentlichungen der Vereinigung der Deutschen Staatsrechtslehrer ; 74
Subjects:
Online Access:Connect to the full text of this electronic book

MARC

Tag First Indicator Second Indicator Subfields
LEADER 00000cam a2200000Mi 4500
001 in00004773607
006 m o d
007 cr cnu---unuuu
008 150624s2015 gw a fod z000 0 ger d
005 20240212223346.3
035 |a (OCoLC)on1013941420 
040 |a DEGRU  |b eng  |c DEGRU  |d OCLCO  |d OCLCQ  |d OCLCF  |d OCLCQ  |d EQF  |d S2H  |d OCLCO  |d N$T  |d OCLCO  |d OCLCQ  |d AUD  |d OCLCO  |d DEGRU  |d OCLCL 
020 |a 9783110419122  |q (electronic bk.) 
020 |a 3110419122 
024 7 |a 10.1515/9783110419122  |2 doi 
035 |a (OCoLC)1013941420 
043 |a e-gx--- 
050 4 |a KK4450  |b .R645 2015eb 
082 0 4 |a 340  |2 23 
082 0 4 |a 342.4302  |2 23 
049 |a TXAM 
100 1 |a Arnauld, Andreas,  |e author. 
245 1 0 |a Öffnung der öffentlich-rechtlichen Methode durch Internationalität und Interdisziplinarität. Dritte Gewalt im Wandel. Gestaltung des demographischen Wandels als Verwaltungsaufgabe. Sicherung grund- und menschenrechtlicher Standards ... :  |b Referate und Diskussionen auf der Tagung der Vereinigung der Deutschen Staatsrechtslehrer in Düsseldorf vom 1. bis 4. Oktober 2014 /  |c Andreas Arnauld, Hans Christian Röhl, Fabian Wittreck, and others. 
264 1 |a Berlin/Boston :  |b De Gruyter,  |c [2015] 
264 4 |c ©2015 
300 |a 1 online resource (564 pages) :  |b illustrations. 
336 |a text  |b txt  |2 rdacontent 
337 |a computer  |b c  |2 rdamedia 
338 |a online resource  |b cr  |2 rdacarrier 
347 |a text file  |b PDF  |2 rda 
490 0 |a Veröffentlichungen der Vereinigung der Deutschen Staatsrechtslehrer ;  |v 74 
505 0 0 |t Frontmatter --  |t Inhalt --  |t Jahrestagung 2014 /  |r Burgi, Martin --  |t 1. Referat von Professor Dr. Hans Christian Röhl, Konstanz /  |r Röhl, Hans Christian --  |t 2. Referat von Professor Dr. Andreas von Arnauld, Kiel /  |r Arnauld, Andreas von --  |t 3. Aussprache und Schlussworte --  |t 1. Referat von Professor Dr. Fabian Wittreck, Münster /  |r Wittreck, Fabian --  |t 2. Referat von Prof. Dr. Frauke Brosius-Gersdorf, LL. M. /  |r Brosius-Gersdorf, Frauke --  |t 3. Aussprache und Schlussworte --  |t 1. Referat von Professor Dr. Jan Ziekow, Speyer /  |r Ziekow, Jan --  |t 2. Referat von Professor Dr. Stephan Rixen, Bayreuth 3. Aussprache und Schlussworte /  |r Rixen, Stephan --  |t 1. Referat von Professor Dr. Thilo Marauhn /  |r Marauhn, Thilo --  |t 2. Referat von Professorin Dr. Magdalena Pöschl, Wien /  |r Pöschl, Magdalena --  |t 3. Aussprache und Schlussworte --  |t Verzeichnis der Redner --  |t Verzeichnis der Mitglieder der Vereinigung der Deutschen Staatsrechtslehrer e.V. --  |t Satzung. 
520 |a This volume contains presentations and discussions from the Conference of the Association of German Constitutional Lawyers, which was held in Düsseldorf from 1 to 4 October 2014. 
545 |a Hans Christian Röhl, Konstanz; Andreas von Arnauld, Kiel; Fabian Wittreck, Münster; Frauke Brosius-Gersdorf, Hannover; and others. 
546 |a In German. 
588 0 |a Online resource; title from PDF title page (publisher's Web site, viewed June 24 2015). 
650 0 |a Constitutional law  |z Germany. 
650 0 |a Law. 
650 6 |a Droit constitutionnel  |z Allemagne. 
650 7 |a LAW / Constitutional.  |2 bisacsh 
650 7 |a Constitutional law  |2 fast 
650 7 |a Law  |2 fast 
651 7 |a Germany  |2 fast  |1 https://id.oclc.org/worldcat/entity/E39PBJtCD3rcKcPDx6FHmjvrbd 
650 7 |a Wandel  |2 gnd 
650 7 |a Rechtsprechende Gewalt  |2 gnd 
650 7 |a Menschenrecht  |2 gnd 
650 7 |a Verwaltung  |2 gnd 
650 7 |a Öffentliches Recht  |2 gnd 
650 7 |a Bevölkerungsentwicklung  |2 gnd 
650 7 |a Internationalität  |2 gnd 
653 |a Constitutional law. 
653 |a democracy /law. 
653 |a fundamental rights. 
655 7 |a Electronic books.  |2 local 
700 1 |a Röhl, Hans Christian,  |e author. 
700 1 |a Wittreck, Fabian,  |e author. 
710 2 |a Walter de Gruyter & Co. 
776 0 8 |i Print version:  |a Arnauld, Andreas.  |t Öffnung der öffentlich-rechtlichen Methode durch Internationalität und Interdisziplinarität. Dritte Gewalt im Wandel. Gestaltung des demographischen Wandels als Verwaltungsaufgabe. Sicherung grund- und menschenrechtlicher Standards ...  |d Berlin/Boston : De Gruyter, [2015]  |z 9783110419122 
856 4 0 |u https://www.degruyter.com/openurl?genre=book&isbn=9783110419122  |z Connect to the full text of this electronic book  |t 0 
955 |a De Gruyter Open Access ebooks 
994 |a 92  |b TXA 
999 f f |s 9d5c02fe-fa35-4f71-ab00-0e7396d7754f  |i 29cce33b-5e8d-4bef-9680-cff836448421  |t 0 
952 f f |a Texas A&M University  |b College Station  |c Electronic Resources  |d Available Online  |t 0  |e KK4450 .R645 2015eb  |h Library of Congress classification 
998 f f |a KK4450 .R645 2015eb  |t 0  |l Available Online